| 000 | 00613nam a22001577a 4500 | ||
|---|---|---|---|
| 003 | OSt | ||
| 005 | 20150906162326.0 | ||
| 008 | 150906b xxu||||| |||| 00| 0 eng d | ||
| 040 | _cRUA | ||
| 082 | _aAGR ខៃ 1992 B004 Or.1 | ||
| 100 |
_9131 _aខៃ សត្យា |
||
| 245 | _aគំរោងការអភិវឌ្ឍន៍និងការបង្កើតកម្មវិធីអប់រំសម្រាប់អ្នកបច្ចេសទេសកសិកម្មនៅក្បាលពោធិ | ||
| 260 |
_aPhnom Penh _bRUA _c1992 |
||
| 300 |
_a105p. _bill. _c29cm. |
||
| 942 |
_2ddc _cAGR |
||
| 999 |
_c115 _d115 |
||